000
00309nam a22001337a 4500
003
SGT
020
_a
9390596955
082
_a
615.321
_b
CHO
100
_a
CHOUDHURY ANTARA
245
_a
QUALITY CONTROL & STANDARDIZATION OF HERBALS
260
_a
INDIA
_b
NIRALI PUB
_c
2023
300
_a
5.13
942
_2
ddc
_c
BK
999
_c
34474
_d
34474